000
00284nam a2200121Ia 4500
008
230303s9999 xx 000 0 und d
041
_a
eng
082
_a
005.268 MIC
100
_a
MICROSOFT
245
_a
Microsoft Application Center 2000
260
_a
New Delhi
_b
PHI
365
_c
RS
999
_c
179363
_d
179363